Chansons de France Gall - Statistiques

Statistiques générales
  • Ce quiz a été pris 65 fois
  • Le résultat moyen est 20 sur 178
Statistiques - réponses
Album Titre % Correct
Poupée de cire, poupée de son 1 Poupée de cire, poupée de son
89%
Les Sucettes 11 Les Sucettes
80%
Paris, France 1 Il jouait du piano debout
73%
Tout pour la musique 5 Résiste
73%
France 7 Résiste
73%
Sacré Charlemagne 1 Sacré Charlemagne
73%
Poupée de cire, poupée de son 8 Sacré Charlemagne
73%
Débranche ! 1 Débranche !
70%
France 5 Débranche !
70%
Babacar 5 Ella, elle l'a
68%
France 11 Ella, elle l'a
68%
Babacar 3 Babacar
66%
Dancing Disco 8 Si maman si
59%
Tout pour la musique 1 Tout pour la musique
55%
Babacar 6 Évidemment
50%
France 10 Évidemment
50%
Dancing Disco 5 Musique
45%
Baby pop 1 Baby pop
41%
Sacré Charlemagne 7 Laisse tomber les filles
36%
Poupée de cire, poupée de son 4 Laisse tomber les filles
36%
N'écoute pas les idoles 1 N'écoute pas les idoles
36%
Mes premières vraies vacances 8 N'écoute pas les idoles
36%
Débranche ! 5 Cézanne peint
34%
Tout pour la musique 8 Diego libre dans sa tête
34%
France Gall 5 La Déclaration d'amour
34%
Dancing Disco 1 Dancing Disco
30%
Débranche ! 4 Hong-Kong Star
30%
Mes premières vraies vacances 1 Mes premières vraies vacances
25%
Cinq minutes d'amour 1 Cinq minutes d'amour
23%
1968 8 Bébé requin
20%
Babacar 7 La Chanson d'Azima
20%
Débranche ! 2 Calypso
18%
France Gall 6 Samba Mambo
18%
Babacar 1 Papillon de nuit
14%
Paris, France 6 Bébé comme la vie
11%
France Gall 1 Comment lui dire
11%
Double Jeu 1 Laissez passer les rêves
11%
France 3 Laissez passer les rêves
11%
France 13 Message personnel
11%
N'écoute pas les idoles 5 Ne sois pas si bête
11%
Mes premières vraies vacances 11 Ne sois pas si bête
11%
Baby pop 4 Attends ou va-t'en
9%
France Gall 2 Ce soir je ne dors pas
9%
Tout pour la musique 6 Amor también (Tout le monde chante)
7%
Double Jeu 2 Bats-toi
7%
Babacar 2 Dancing Brave
7%
Babacar 4 J'irai où tu iras
7%
France 14 La Légende de Jimmy
7%
France 8 La Minute de silence
7%
1968 12 La petite
7%
Paris, France 9 Plus haut
7%
France 1 Plus haut
7%
Double Jeu 3 Superficiel et léger
7%
1968 9 Teenie weenie boppie
7%
France Gall 7 Big Fat Mama
5%
Dancing Disco 7 Ce garçon qui danse
5%
Baby pop 7 Cet air-là
5%
Débranche ! 9 J'ai besoin de vous
5%
Double Jeu 10 Jamais partir
5%
Tout pour la musique 3 La Fille de Shannon
5%
Double Jeu 6 La Lettre
5%
Double Jeu 4 La Petite de Calmette
5%
Tout pour la musique 4 La Prière des petits humains
5%
Dancing Disco 6 Le Meilleur de soi-même
5%
Double Jeu 9 Les Élans du cœur
5%
France Gall 7 Les Quatre éléments
5%
1968 6 Nefertiti
5%
N'écoute pas les idoles 8 Pense à moi
5%
Mes premières vraies vacances 5 Pense à moi
5%
Paris, France 4 Plus d'été
5%
Paris, France 3 Trop grand pour moi
5%
Débranche ! 3 Tu comprendras quand tu seras plus jeune
5%
Débranche ! 8 Annie donne
2%
1968 4 Avant la bagarre
2%
Sacré Charlemagne 8 Bonne nuit
2%
Poupée de cire, poupée de son 12 Bonne nuit
2%
Les Sucettes 6 Bonsoir John-John
2%
Les Sucettes 7 Celui que j'aime
2%
Babacar 9 C'est bon que tu sois là
2%
Baby pop 8 C'est pas facile d'être une fille
2%
Tout pour la musique 9 Ceux qui aiment
2%
France Gall 9 Chanson pour consoler
2%
Sacré Charlemagne 5 Christiansen
2%
Poupée de cire, poupée de son 3 Christiansen
2%
France Gall 3 Comment t'en apercevoir
2%
Baby pop 12 Et des baisers
2%
Baby pop 2 Faut-il que je t'aime
2%
Cinq minutes d'amour 2 Frankenstein
2%
Mes premières vraies vacances 2 Jazz à gogo
2%
France Gall 8 Je saurai être ton amie
2%
Double Jeu 7 La Chanson de la négresse blonde
2%
France Gall 4 La Chanson d'une terrienne (Partout je suis chez moi)
2%
Paris, France 2 La chanteuse qui a tout donné
2%
Mes premières vraies vacances 7 La Cloche
2%
France Gall 6 La Manille et la révolution
2%
Baby pop 6 L'Amérique
2%
Paris, France 7 La Mort douce
2%
Cinq minutes d'amour 9 La Quatrième Chose
2%
France Gall 9 La Torpédo bleue
2%
Poupée de cire, poupée de son 2 Le Cœur qui jazze
2%
Cinq minutes d'amour 8 Le Lâche
2%
Tout pour la musique 2 Les Accidents d'amour
2%
France Gall 8 Les Années folles
2%
Double Jeu 8 Les Couloirs des Halles
2%
France Gall 3 Les Gens bien élevés
2%
Paris, France 5 Les moments où j'aime tout le monde
2%
France 12 Les Princes des villes
2%
N'écoute pas les idoles 2 Les Rubans et la Fleur
2%
Mes premières vraies vacances 4 Les Rubans et la Fleur
2%
Baby pop 3 Le Temps de la rentrée
2%
France Gall 4 L'hiver est mort
2%
France 6 Lumière du jour
2%
Paris, France 10 Ma vieille Europe
2%
N'écoute pas les idoles 6 Ne dis pas aux copains
2%
Mes premières vraies vacances 10 Ne dis pas aux copains
2%
Sacré Charlemagne 2 Nounours
2%
Poupée de cire, poupée de son 11 Nounours
2%
Baby pop 9 Nous ne sommes pas des anges
2%
Cinq minutes d'amour 6 Par plaisir
2%
Cinq minutes d'amour 5 Plus haut que moi
2%
France 9 Privée d'amour
2%
Dancing Disco 4 Quand on est enfant
2%
Les Sucettes 12 Quand on est ensemble
2%
Débranche ! 6 Savoir vivre
2%
Débranche ! 7 Si superficielle
2%
France Gall 13 Soleil au cœur
2%
Double Jeu 5 Toi sinon personne
2%
Dancing Disco 3 Une nuit à Paris
2%
Babacar 8 Urgent d'attendre
2%
Tout pour la musique 7 Vahiné
2%
France 2 À quoi il sert ?
0%
Sacré Charlemagne 6 Au clair de la lune
0%
Poupée de cire, poupée de son 10 Au clair de la lune
0%
France Gall 10 Baci, baci, baci
0%
N'écoute pas les idoles 4 Ça va je t'aime
0%
Mes premières vraies vacances 6 Ça va je t'aime
0%
Cinq minutes d'amour 4 C’est curieux de vieillir
0%
Dancing Disco 2 Chanson de Maggie
0%
1968 2 Chanson indienne
0%
1968 5 Chanson pour que tu m'aimes un peu
0%
Baby pop 11 Deux Oiseaux
0%
Poupée de cire, poupée de son 7 Dis à ton capitaine
0%
1968 3 Gare à toi... Gargantua
0%
France Gall 1 Homme tout petit
0%
Les Sucettes 2 Il neige
0%
Les Sucettes 5 J'ai retrouvé mon chien
0%
France Gall 10 Je l'aimais
0%
N'écoute pas les idoles 3 J'entends cette musique
0%
Mes premières vraies vacances 9 J'entends cette musique
0%
1968 7 La fille d'un garçon
0%
Les Sucettes 10 La Guerre des chansons
0%
Les Sucettes 9 La Rose des vents
0%
Les Sucettes 8 L'Écho
0%
Sacré Charlemagne 3 Le Premier Chagrin d'amour
0%
Poupée de cire, poupée de son 5 Le Premier Chagrin d'amour
0%
Cinq minutes d'amour 3 Le quatro domande
0%
France Gall 11 Les Éléphants
0%
Les Sucettes 4 Les Leçons particulières
0%
Cinq minutes d'amour 7 Les Petits Ballons
0%
1968 10 Les yeux bleus
0%
France Gall 2 L'Orage
0%
1968 11 Made in France
0%
France Gall 12 Merry merry o !
0%
Baby pop 5 Mon bateau de nuit
0%
Les Sucettes 3 Oh ! Quelle famille
0%
Baby pop 10 On se ressemble toi et moi
0%
Sacré Charlemagne 4 On t'avait prévenue
0%
Poupée de cire, poupée de son 6 On t'avait prévenue
0%
Paris, France 8 Parler, parler
0%
France 4 Que l'amour est bizarre
0%
France Gall 5 Shakespeare et pire encore
0%
N'écoute pas les idoles 7 Si j'étais garçon
0%
Mes premières vraies vacances 12 Si j'étais garçon
0%
Cinq minutes d'amour 10 Sole mare cielo amor
0%
Mes premières vraies vacances 3 Soyons sages
0%
1968 1 Toi que je veux
0%
Les Sucettes 1 Tu n'as pas le droit
0%
Poupée de cire, poupée de son 9 Un prince charmant
0%
Aucun quiz correspondant
Distribution des résultats
% des personnes avec chaque résultat
Percentile par nombre de réponses
Votre historique - résultats
Vous n’avez pas pris ce quiz